Teoría política II /

Guardado en:
Autor Principal: Bahamondes, Oscar José.
Formato: Libro
Idioma:Spanish
Publicado: Buenos Aires : Centro de Formación e Investigaciones en Ciencias del Comportamiento Humanos - FICCH, 2008.
Edición:1a. ed.
Materias:
Etiquetas: Agregar Etiqueta
Sin Etiquetas, Sea el primero en etiquetar este registro!
LEADER 00545nam a22001575a 4500
001 DER.der014330
008 191031s2008####ag############000#0#spa#d
005 20251230135823.0
245 1 0 |a Teoría política II /  |c Oscar José Bahamondes. 
250 |a 1a. ed. 
260 |a Buenos Aires :  |b Centro de Formación e Investigaciones en Ciencias del Comportamiento Humanos - FICCH,  |c 2008. 
300 |a 410 p. 
020 |a 9789872261887 
100 1 |a Bahamondes, Oscar José. 
653 |a CIENCIAS POLÍTICAS 
859 |a DERECHO  |b BIB. DERECHO  |h 320.5  |i BAH  |p 009601  |3 Tomo II